Sports Quiz

Random Sports or Numbers Quiz

Old SportsCenter Anchors (Picture) Quiz Stats

 Plays Quiz not verified by Sporcle

Challenge
Share
Tweet
Photobucket
Score 0/16 Timer 05:00
0 Plays Today
Number Anchor % Correct
12Dan Patrick
93.6%
1Greg Gumbel
89.1%
8Rich Eisen
77.1%
5Keith Olbermann
72%
16Charley Steiner
62.8%
2Craig Kilborn
62.5%
3Robin Roberts
57.1%
10Chris Myers
34.5%
Number Anchor % Correct
4Jack Edwards
29.3%
11Mike Hall
25.6%
9Kevin Frazier
24.7%
15Fred Hickman
23.4%
7Gary Miller
22.1%
14Tim Brando
19.6%
13George Grande
15.5%
6Scott Reiss
4.8%

You're not logged in!

Compare scores with friends on all Sporcle quizzes.
Join for Free
OR
Log In

You Might Also Like...

Show Comments

Extras

Top Quizzes Today


Score Distribution

Your Account Isn't Verified!

In order to create a playlist on Sporcle, you need to verify the email address you used during registration. Go to your Sporcle Settings to finish the process.

Report this User

Report this user for behavior that violates our Community Guidelines.

Details: